000 00480nam a2200181Ia 4500
005 20250322152904.0
008 240822s9999 xx 000 0 und d
020 _a9789392360350
_qhbk
041 _aeng
082 _a363.25
_bALI
100 _aAlisher, Patrick
245 0 _aBorder Fencing
_c/ Patrick Alisher;
250 _a1st edition.
260 _bPhoenix,
_c2023.
_aLondon:
300 _a123p. :
_c22cm.
650 _aOther social problems & services
942 _cENGLISH
999 _c526289
_d526289